神奇宝贝男主角小智所拥有(过)的所有宝可梦 - Statistics

General Stats
  • This quiz has been taken 214 times
  • The average score is 21 of 57
Answer Stats
世代/地区 宝可梦 % Correct
无印篇(关都地区) 皮卡丘
100%
无印篇(关都地区) 喷火龙
94%
无印篇(关都地区) 妙蛙种子
91%
无印篇(关都地区) 杰尼龟
83%
无印篇(关都地区) 巴大蝶
74%
无印篇(关都地区) 大比鸟
73%
无印篇(关都地区) 肯泰罗(30只)
59%
无印篇(橘子群岛) 拉普拉斯
58%
XY/XYZ(卡洛斯地区) 甲贺忍蛙
56%
无印篇(城都地区) 月桂叶
53%
无印篇(关都地区) 臭臭泥
47%
旅途 耿鬼
47%
无印篇(城都地区) 火岩鼠
45%
旅途 快龙
45%
无印篇(关都地区) 巨钳蟹
43%
超世代(丰缘地区) 蜥蜴王
43%
珍钻(神奥地区) 烈焰猴
43%
无印篇(橘子群岛) 卡比兽
42%
无印篇(城都地区) 小锯鳄
42%
超世代(丰缘地区) 大王燕
38%
无印篇(关都地区) 火暴猴
37%
珍钻(神奥地区) 土台龟
37%
旅途 路卡利欧
37%
无印篇(城都地区) 猫头夜鹰
34%
无印篇(城都地区) 赫拉克罗斯
33%
超级愿望(合众地区) 藤藤蛇
32%
XY/XYZ(卡洛斯地区) 黏美龙
32%
超级愿望(合众地区) 炒炒猪
31%
旅途 葱游兵
31%
超级愿望(合众地区) 水水獭
30%
日月(阿罗拉地区) 木木枭
30%
超世代(丰缘地区) 煤炭龟
28%
珍钻(神奥地区) 姆克鹰
28%
日月(阿罗拉地区) 鬃岩狼人
28%
日月(阿罗拉地区) 炽焰咆哮虎
28%
超世代(丰缘地区) 龙虾小兵
27%
XY/XYZ(卡洛斯地区) 烈箭鹰
27%
超世代(丰缘地区) 长尾怪手
26%
珍钻(神奥地区) 天蝎王
26%
珍钻(神奥地区) 圆陆鲨
26%
XY/XYZ(卡洛斯地区) 音波龙
26%
超世代(丰缘地区) 冰鬼护
24%
XY/XYZ(卡洛斯地区) 摔角鹰人
23%
日月(阿罗拉地区) 四颚针龙
23%
无印篇(城都地区) 顿甲
22%
超级愿望(合众地区) 流氓鳄
22%
日月(阿罗拉地区) 美录梅塔
21%
无印篇(关都地区) 魔墙人偶
20%
珍钻(神奥地区) 泳圈鼬
20%
超级愿望(合众地区) 高傲雉鸡
20%
日月(阿罗拉地区) 索尔迦雷欧
19%
旅途 鳃鱼龙
19%
无印篇(城都地区) 幼基拉斯
18%
超级愿望(合众地区) 保姆虫
16%
超级愿望(合众地区) 滑滑小子
14%
超级愿望(合众地区) 地幔岩
12%
超级愿望(合众地区) 蓝蟾蜍
10%
No matching quizzes found
Score Distribution
Percent of People with Each Score
Percentile by Number Answered
Your Score History
You have not taken this quiz